Buddhism in Arunachal Pradesh / (Record no. 19467)

MARC details
000 -LEADER
fixed length control field 01235nam a22002537a 4500
010 ## - LCCN (DPL NO)
LC control number ENG-92000 B-447378
020 ## - INTERNATIONAL STANDARD BOOK NUMBER
International Standard Book Number 9788173872150
Terms of availability 700.00
035 ## - SYSTEM CONTROL NUMBER
System control number EN-75533 B-447378
037 ## - SOURCE OF ACQUISITION
Source of stock number/acquisition DBAD / PUB
037 ## - SOURCE OF ACQUISITION
Source of stock number/acquisition K.K.Pub/Ven
082 ## - DEWEY DECIMAL CLASSIFICATION NUMBER
Classification number 250.0954511
100 ## - MAIN ENTRY--PERSONAL NAME
Personal name Dutta, Sristidhar ,1945-
245 ## - TITLE STATEMENT
Title Buddhism in Arunachal Pradesh /
Statement of responsibility, etc by Sristidhar Dutta [and] Byomakesh Tripathy
260 ## - PUBLICATION, DISTRIBUTION, ETC. (IMPRINT)
Place of publication, distribution, etc New Delhi
Name of publisher, distributor, etc Indus Publishing
Date of publication, distribution, etc 2008
270 ## - ADDRESS
Address FS-5, Tagore Garden,
City New Delhi
Postal code 110027
300 ## - PHYSICAL DESCRIPTION
Extent 340p.
Dimensions 23cm (Hb)
500 ## - GENERAL NOTE
General note Includes bibliographical references and index
650 ## - SUBJECT ADDED ENTRY--TOPICAL TERM
Topical term or geographic name as entry element Buddhism
Geographic subdivision India
-- Arunachal Pradesh.
700 ## - ADDED ENTRY--PERSONAL NAME
Personal name Tripathy, Byomakesh
9 (RLIN) 44894
942 ## - ADDED ENTRY ELEMENTS (KOHA)
Source of classification or shelving scheme Dewey Decimal Classification
Item type English Books
Call number suffix DUT
Classification part 250.0954511
Holdings
Withdrawn status Lost status Not for loan Collection code Home library Current library Date acquired Source of acquisition Cost, normal purchase price Full call number Barcode Copy number Cost, replacement price Koha item type
      Non-fiction Central Library Central Library 10/04/2012 K.K.Pub/1318/23.09.2011/03/23.09.2011/09.11.2011 700.00 250.0954511 DUT B-447378 1 700.00 English Books
    Not For Loan Non-fiction D.B.Act.Division D.B.Act.Division 04/12/2008 DBAD / PUB 700.00 250.0954511 DUT EN-75533 1 700.00 English Books

© Delhi Public Library
Hit Counter
free hit counter